| 000 | 00723nam a2200217Ia 4500 | ||
|---|---|---|---|
| 005 | 20221126112918.0 | ||
| 008 | 131103s9999 xx 000 0 und d | ||
| 020 |
_a81-87655-82-2 _cRs 190 |
||
| 040 | _aLoreto College | ||
| 041 | _aEnglish | ||
| 082 |
_a821.8 _bARN-THA |
||
| 100 | _aTharakan,Anniyil | ||
| 245 |
_aMathew Arnold and the Bhagavad Gita _b a study in the light of nineteenth century British interest in the east _cAnniyil Tharakan |
||
| 260 |
_aTrivandrum _bCarmel International _c2006 |
||
| 300 | _a300p. | ||
| 504 | _aIncludes bibliographical references and index | ||
| 650 | _aArnold, Matthew, 1822-1888-criticism and interpretation | ||
| 651 | _aEnglish poetry | ||
| 850 | _aLCLIB | ||
| 942 | _cBK | ||
| 999 |
_c14431 _d64910 |
||